000 00540nam a2200181 4500
999 _c188920
_d188920
005 20220607152316.0
010 _aENG-133110
020 _a9788187952404
_c60.00
035 _aEN-116642
037 _bDBAD/PUB
082 _a881
100 _aDas, Ashis
245 _aSonnets from a Broken Heart/
_cAshis Das
260 _aKolkata
_bMark Age Services Pvt. Ltd
_c2015
270 _aG-1, Ground Floor, 334 Nath Para
_bKolkata
_e700084
_mmarkage.india@gmail.com
300 _a95p.
_c21cm(pbk)
942 _2ddc
_cEN
_h881
_mDAS